000 00624nmc a2200253 a 4500
003 AR-BaBNM
005 20251128204046.0
008 297019s1993 ||||||||||||||000 | spa||
020 _a950-03-0088-5
040 _cAR-BaBNM
100 1 _aVallejo, César
245 1 0 _aTrilce
250 _a9ª ed.
260 _aBuenos Aires
_bLosada
_c1993
300 0 _a120 p.
490 0 _aBiblioteca clásica y contemporánea
_vv. 139
650 4 _aPOESIA
650 4 _aLITERATURA CONTEMPORANEA
653 _aLITERATURA PERUANA
653 _aVANGUARDIAS LITERARIAS
655 _aLITERATURA
942 _cBK
998 _cMARTIN
999 _c6000
_d6000